| Tag |
First Indicator |
Second Indicator |
Subfields |
| LEADER |
00000cam a2200000 a 4500 |
| 001 |
in00000957504 |
| 005 |
20150926133332.0 |
| 007 |
hd afv|||baca |
| 008 |
860430s1672 miu a 00010 eng d |
| 035 |
|
|
|a (OCoLC)13513442
|
| 035 |
|
|
|9 AEU0327AM
|
| 037 |
|
|
|a CL0037000024
|b UMI
|
| 037 |
|
|
|b University Microfilms International, 300 N. Zeeb Rd., Ann Arbor, MI 48106
|
| 040 |
|
|
|a EAA
|c EAA
|d m/c
|d UtOrBLW
|
| 043 |
|
|
|a e-ie---
|
| 045 |
|
|
|a u6u7
|
| 049 |
|
|
|a TXAI
|
| 099 |
|
|
|a film
|a B
|a 3609
|
| 100 |
1 |
|
|a Holme, Thomas,
|d -1695.
|
| 245 |
1 |
2 |
|a A brief relation of some part of the sufferings of the true Christians, the people of God, in scorn called Quakers, in Ireland, for these last eleaven years, viz, from 1660 until 1671 :
|b with an occasional treatise of their principles and practices briefly stated, whereby the innocency of their cause, for which they so suffer, is not only plainly demonstrated, but also from all false asperations and causeless pretences sufficiently vindicated /
|c collected by T.H. and A.F.
|
| 264 |
|
1 |
|a [Place of publication not identified] :
|b [publisher not identified],
|c 1672.
|
| 300 |
|
|
|a 80 pages
|
| 336 |
|
|
|a text
|b txt
|2 rdacontent
|
| 337 |
|
|
|a microform
|b h
|2 rdamedia
|
| 338 |
|
|
|a microfilm reel
|b hd
|2 rdacarrier
|
| 500 |
|
|
|a Preface signed: Thomas Holme, Abraham Fuller.
|
| 500 |
|
|
|a Reproduction of original in Cambridge University Library.
|
| 510 |
4 |
|
|a Wing
|c H2514
|
| 533 |
|
|
|a Microfilm.
|b Ann Arbor, Mich.
|c University Microfilms International,
|d 1978.
|e 1 microfilm reel ; 35 mm.
|f (Early English books, 1641-1700 ; 790:1)
|
| 500 |
|
|
|a Microform.
|
| 650 |
2 |
0 |
|a Society of Friends
|z Ireland.
|
| 700 |
1 |
|
|a Fuller, Abraham,
|d -1694.
|
| 830 |
|
0 |
|a Early English books, 1641-1700 ;
|v 790:1.
|
| 999 |
|
|
|a MARS
|
| 999 |
f |
f |
|s 940b467d-9a8f-3553-a41d-8272e2053993
|i 684153f8-b9c1-308f-87c4-4e0950c1b0d1
|t 0
|
| 952 |
f |
f |
|p default
|a Texas A&M University
|b College Station
|c Sterling C. Evans Library
|d Evans: Microforms (3rd floor)
|t 0
|e film B 3609 790:1
|h Other scheme
|i microform -- microfilm reel
|
| 998 |
f |
f |
|a film B 3609 790:1
|t 0
|l Evans: Microforms (3rd floor)
|